Women in rice farming : (Record no. 14859)

000 -LEADER
fixed length control field 00654pam a2200157 a 4500
020 ## - INTERNATIONAL STANDARD BOOK NUMBER
ISBN 0566007215 :
020 ## - INTERNATIONAL STANDARD BOOK NUMBER
ISBN 0566051052 (pbk.)
040 ## - CATALOGING SOURCE
Transcribing agency DLC
082 00 - DEWEY DECIMAL CLASSIFICATION NUMBER
Classification number 331 GOW 1985 A068 Or.
245 00 - TITLE STATEMENT
Title Women in rice farming :
Remainder of title proceedings of a conference on women in rice farming systems, the International Rice Research Institute, P.O. Box 933, Manila, Philippines, 26-30 September 1983.
260 ## - PUBLICATION, DISTRIBUTION, ETC. (IMPRINT)
Place of publication Aldershot, Hants, England ;
-- Brookfield, Vt., U.S.A. :
Name of publisher Gower ;
Place of publication Manila, Philippines :
Name of publisher IRRI,
Year of publication c1985.
300 ## - PHYSICAL DESCRIPTION
Number of Pages xxxiv, 531 p. :
Other physical details ill. ;
Dimensions 23 cm.
650 #0 - SUBJECT ADDED ENTRY--TOPICAL TERM
Topical Term Women rice workers
710 2# - ADDED ENTRY--CORPORATE NAME
Corporate name or jurisdiction name as entry element International Rice Research Institute.
942 ## - ADDED ENTRY ELEMENTS (KOHA)
Koha item type សៀវភៅភាសាអង់គ្លេស
952 ## - LOCATION AND ITEM INFORMATION (KOHA)
Withdrawn status [LOCAL, KOHA] 0
Holdings
Permanent Location Date acquired Koha item type Lost status Shelving location Barcode Current Location Full call number
Library Block A2017-10-30សៀវភៅភាសាអង់គ្លេស A068A17685Library Block A331 GOW 1985 A068 Or.
មជ្ឈមណ្ឌលឯការនៃសាកលវិទ្យាល័យភូមិន្ទកសិកម្មចំការដូង

Powered by Koha